[Event "Titled Tuesday intern op 09th Jan Early"]
[Site "Chess.com INT"]
[Date "2024.01.09"]
[Round "6"]
[White "Pranesh, M."]
[Black "Samunenkov, Igor"]
[Result "1/2-1/2"]
[WhiteElo "2538"]
[BlackElo "2533"]
[PlyCount "193"]
[EventDate "2024.01.09"]
[EventType "swiss (blitz)"]
[EventRounds "11"]
[EventCountry "USA"]
[SourceTitle "CB03_2024"]
[SourceDate "2024.01.17"]
[SourceVersion "1"]
[SourceVersionDate "2024.01.17"]
[SourceQuality "1"]

1. e4 e5 2. Nf3 Nf6 3. Nc3 Nc6 4. d4 exd4 5. Nd5 Be7 6. Bc4 0-0 7. 0-0 d6 8. Nxd4 Nxd4 9. Qxd4 Nxd5 10. Bxd5 Bf6 11. Qd3 c6 12. Bb3 Be6 13. c3 Bxb3 14. axb3 Qe7 15. Bf4 Rfd8 16. Rfe1 a6 17. Rad1 Be5 18. Bc1 d5 19. g3 dxe4 20. Qxe4 Rxd1 21. Rxd1 Re8 22. Be3 g6 23. Kg2 Qe6 24. b4 Kg7 25. Qd3 Bf6 26. Bc5 Rd8 27. Qc2 Rxd1 28. Qxd1 Qe4+ 29. Kg1 h5 30. h4 Qe6 31. Kh2 Be7 32. Qd4+ Kg8 33. Bb6 Bf6 34. Qf4 Be5 35. Qf3 Kg7 36. Qd3 Bf6 37. Bc5 Be7 38. Qd4+ Kg8 39. Bb6 Bf6 40. Qd2 Kg7 41. Qd3 Kg8 42. Qf3 Kg7 43. Qf4 Be5 44. Qd2 Bf6 45. Be3 Kg8 46. Qd3 Kg7 47. Bc5 Be7 48. Be3 Bf6 49. Qd1 Be7 50. Qd2 Bf6 51. Bh6+ Kh7 52. Bf8 Kg8 53. Bc5 Be7 54. Be3 Bf6 55. Kg1 Kg7 56. Bh6+ Kh7 57. Bf4 Kg7 58. Qd3 Be5 59. Be3 Bf6 60. Bc5 Be7 61. Qd4+ Bf6 62. Qd1 Be7 63. Be3 Bf6 64. Qf3 Be7 65. Qf4 Bd6 66. Bd4+ Kg8 67. Qg5 Be7 68. Qf4 Bd6 69. Qf3 Be5 70. Bc5 Bd6 71. Be3 Be5 72. Qd1 Bf6 73. Qd3 Kg7 74. Kh2 Kg8 75. Bc5 Be7 76. Bb6 Bf6 77. Qf3 Kg7 78. Qf4 Be5 79. Qe3 Bf6 80. Qxe6 fxe6 81. Kg2 Kf7 82. Kf3 Bg7 83. Be3 Bf6 84. Ke4 Bg7 85. Bd2 Ke7 86. b3 Kd7 87. c4 Bf8 88. Bc3 Bd6 89. c5 Bf8 90. Bf6 Bh6 91. Bg5 Bg7 92. Bd2 Bf6 93. f3 Ke8 94. Be1 Kd7 95. Bd2 Ke8 96. Kd3 Kd7 97. Ke4 1/2-1/2

[Event "Titled Tuesday intern op 09th Jan Early"]
[Site "Chess.com INT"]
[Date "2024.01.09"]
[Round "7"]
[White "Samunenkov, Igor"]
[Black "Bharath, Subramaniyam H"]
[Result "0-1"]
[WhiteElo "2533"]
[BlackElo "2515"]
[PlyCount "60"]
[EventDate "2024.01.09"]
[EventType "swiss (blitz)"]
[EventRounds "11"]
[EventCountry "USA"]
[SourceTitle "CB03_2024"]
[SourceDate "2024.01.17"]
[SourceVersion "1"]
[SourceVersionDate "2024.01.17"]
[SourceQuality "1"]

1. d4 Nf6 2. Nc3 d5 3. Bf4 Bf5 4. e3 e6 5. Bd3 Bg6 6. Nf3 Nbd7 7. 0-0 Bd6 8. Bg3 0-0 9. Qe2 Bxg3 10. hxg3 c5 11. Bxg6 hxg6 12. Rfd1 a6 13. a3 b5 14. e4 b4 15. axb4 cxb4 16. e5 bxc3 17. exf6 cxb2 18. fxg7 Kxg7 19. Ra2 Rb8 20. Rb1 a5 21. Rbxb2 Qc7 22. Qa6 Rxb2 23. Rxb2 Rb8 24. Ra2 Rb1+ 25. Kh2 Nf6 26. Ne5 Qb8 27. g4 Nxg4+ 28. Kg3 Nxe5 29. dxe5 Qxe5+ 30. Kh3 Rh1+ 0-1

[Event "Titled Tuesday intern op 19th Dec Early"]
[Site "Chess.com INT"]
[Date "2023.12.19"]
[Round "11"]
[White "Belov, Alexei"]
[Black "Samunenkov, Igor"]
[Result "0-1"]
[WhiteElo "2421"]
[BlackElo "2530"]
[PlyCount "102"]
[EventDate "2023.12.19"]
[EventType "swiss (blitz)"]
[EventRounds "11"]
[EventCountry "USA"]
[SourceTitle "CB52_2023"]
[SourceDate "2023.12.27"]
[SourceVersion "1"]
[SourceVersionDate "2023.12.27"]
[SourceQuality "1"]

1. e4 c6 2. d4 d5 3. Nd2 dxe4 4. Nxe4 Bf5 5. Ng3 Bg6 6. N1e2 Nf6 7. c3 e6 8. Nf4 Bd6 9. h4 Qc7 10. Qf3 0-0 11. h5 Bf5 12. Nxf5 exf5 13. Bd3 Ne4 14. Be3 Nd7 15. 0-0-0 Ndf6 16. Nh3 Qa5 17. Ng5 Ba3 18. bxa3 Qxa3+ 19. Kb1 Nxc3+ 20. Kc2 Qxa2+ 21. Kc1 Nxd1 22. Rxd1 Qa1+ 23. Kd2 Qa5+ 24. Ke2 Nd5 25. Kf1 Nxe3+ 26. fxe3 Rae8 27. Bxf5 g6 28. Bd3 Qxg5 29. Re1 Qxh5 30. Qf4 c5 31. Kf2 cxd4 32. e4 Qe5 33. Qg4 Qg7 34. Bc4 h6 35. Rh1 Re5 36. Qf4 h5 37. g4 b5 38. Bd5 hxg4 39. Qxg4 Rd8 40. Qh4 Rdxd5 41. exd5 Rxd5 42. Qe7 Rf5+ 43. Kg2 Rh5 44. Qd8+ Kh7 45. Qd5 Rxh1 46. Kxh1 b4 47. Qc4 a5 48. Qb5 Qh6+ 49. Kg2 Qh5 50. Qd7 Qg5+ 51. Kf3 Qf5+ 0-1

[Event "Titled Tuesday intern op 19th Dec Early"]
[Site "Chess.com INT"]
[Date "2023.12.19"]
[Round "3"]
[White "Ghevondyan, Arman"]
[Black "Samunenkov, Igor"]
[Result "0-1"]
[WhiteElo "2216"]
[BlackElo "2530"]
[PlyCount "154"]
[EventDate "2023.12.19"]
[EventType "swiss (blitz)"]
[EventRounds "11"]
[EventCountry "USA"]
[SourceTitle "CB52_2023"]
[SourceDate "2023.12.27"]
[SourceVersion "1"]
[SourceVersionDate "2023.12.27"]
[SourceQuality "1"]

1. Nf3 d5 2. g3 c5 3. Bg2 Nc6 4. d4 Nf6 5. 0-0 e6 6. c4 dxc4 7. Qa4 Bd7 8. Qxc4 b5 9. Qd3 c4 10. Qd1 Rc8 11. a3 Be7 12. Nc3 a6 13. e4 Na5 14. Be3 0-0 15. d5 exd5 16. exd5 Bd6 17. Qc2 Re8 18. Rad1 Qc7 19. Nd4 Ng4 20. Bg5 Ne5 21. Nf5 Nd3 22. Nxd6 Qxd6 23. Be4 h6 24. Be3 Bh3 25. Rfe1 Nxe1 26. Rxe1 Nb3 27. Rd1 Nc5 28. Bh7+ Kh8 29. Bf4 Qe7 30. Be3 Rcd8 31. Bf5 Bxf5 32. Qxf5 Nb7 33. Bd4 Nd6 34. Qf4 Kh7 35. Bc5 Qf6 36. Qd2 Qf5 37. Be3 Rd7 38. Bc5 Ne4 39. Nxe4 Qxe4 40. Be3 Red8 41. Re1 Rxd5 42. Qe2 Qd3 43. Qf3 Qf5 44. Qe2 Re8 45. Qf1 Rde5 46. Rd1 Rd5 47. Re1 Qg4 48. Qg2 Rd1 49. Qf1 Rxe1 50. Qxe1 Rd8 51. Kg2 Qd1 52. Qc3 Qd5+ 53. Kg1 Qf3 54. Bd2 Qxc3 55. Bxc3 Kg6 56. Ba5 Rd1+ 57. Kg2 Kf5 58. Bc3 g6 59. Kf3 Rd3+ 60. Ke2 Ke4 61. h3 h5 62. h4 Rd7 63. f3+ Kf5 64. Ke3 Rd3+ 65. Ke2 Ke6 66. Kf2 f5 67. Ke2 Kd5 68. Bg7 Kc6 69. Bh6 a5 70. Bg7 b4 71. axb4 axb4 72. Bf6 Kb5 73. Be5 Ka4 74. Kf2 Kb3 75. Ke2 Rd5 76. f4 c3 77. bxc3 bxc3 0-1

[Event "Titled Tuesday intern op 19th Dec Early"]
[Site "Chess.com INT"]
[Date "2023.12.19"]
[Round "1"]
[White "Lopusiewicz, Piotr"]
[Black "Samunenkov, Igor"]
[Result "0-1"]
[WhiteElo "2301"]
[BlackElo "2530"]
[PlyCount "110"]
[EventDate "2023.12.19"]
[EventType "swiss (blitz)"]
[EventRounds "11"]
[EventCountry "USA"]
[SourceTitle "CB52_2023"]
[SourceDate "2023.12.27"]
[SourceVersion "1"]
[SourceVersionDate "2023.12.27"]
[SourceQuality "1"]

1. d4 Nf6 2. c4 e6 3. Nf3 d5 4. Nc3 a6 5. cxd5 exd5 6. Bf4 Bd6 7. Be5 0-0 8. Bxf6 Qxf6 9. Nxd5 Qd8 10. Nc3 Nc6 11. e3 Bg4 12. h3 Bh5 13. Be2 Re8 14. 0-0 Qe7 15. Ne5 Nxe5 16. Bxh5 Nc4 17. b3 Nxe3 18. fxe3 Qxe3+ 19. Kh1 Qg3 20. Bxf7+ Kh8 21. Kg1 Qh2+ 22. Kf2 Re7 23. Qf3 Bg3+ 24. Qxg3 Rxf7+ 25. Qf3 Rxf3+ 26. Kxf3 Rf8+ 27. Ke3 Qg3+ 28. Rf3 Rxf3+ 29. gxf3 Qxh3 30. Re1 h6 31. Ne4 Qg2 32. Re2 Qg1+ 33. Kd3 c6 34. Nc5 Qd1+ 35. Ke3 Qc1+ 36. Kf2 Qf4 37. Ne6 Qf6 38. Re4 Kh7 39. Ke3 Kg8 40. Nc5 Qg5+ 41. Kd3 h5 42. Nxb7 h4 43. Nd6 h3 44. Re8+ Kh7 45. Rh8+ Kxh8 46. Nf7+ Kg8 47. Nxg5 h2 48. Ne4 h1Q 49. Kc4 Qxf3 50. Nc3 g5 51. Na4 Qd5+ 52. Kb4 g4 53. Nc5 Qxd4+ 54. Ka3 Qxc5+ 55. b4 Qc3+ 0-1

[Event "Titled Tuesday intern op 19th Dec Early"]
[Site "Chess.com INT"]
[Date "2023.12.19"]
[Round "7"]
[White "Samunenkov, Igor"]
[Black "Ivic, Velimir"]
[Result "0-1"]
[WhiteElo "2530"]
[BlackElo "2570"]
[PlyCount "76"]
[EventDate "2023.12.19"]
[EventType "swiss (blitz)"]
[EventRounds "11"]
[EventCountry "USA"]
[SourceTitle "CB52_2023"]
[SourceDate "2023.12.27"]
[SourceVersion "1"]
[SourceVersionDate "2023.12.27"]
[SourceQuality "1"]

1. d4 Nf6 2. c4 g6 3. Nc3 Bg7 4. e4 d6 5. h3 e5 6. d5 Nbd7 7. g4 Nc5 8. f3 h5 9. g5 Nh7 10. b4 Na6 11. h4 f6 12. Nh3 0-0 13. a3 Bxh3 14. Bxh3 fxg5 15. Be6+ Kh8 16. Ra2 gxh4 17. Rah2 Bf6 18. Bh6 Bg5 19. Bxf8 Qxf8 20. Qe2 Bf4 21. Rg2 Bg3+ 22. Kd1 Ng5 23. Rf1 c5 24. b5 Nc7 25. Qd3 Ncxe6 26. dxe6 Nxe6 27. Ne2 a6 28. b6 Qf6 29. Kc2 Nd4+ 30. Kb1 Nxe2 31. Qxe2 Bf4 32. Rh1 Rf8 33. Qf2 Bg3 34. Qe3 Kg7 35. Rf1 Qf4 36. Qd3 h3 37. Rd2 h2 38. Qxd6 Qxf3 0-1